| 000 | 00454nam a2200169Ia 4500 | ||
|---|---|---|---|
| 003 | LK-CoDNM | ||
| 005 | 20240226145537.0 | ||
| 008 | 010623t1892 xxu||||| |||| 00| 1 sin d | ||
| 040 |
_aLK-CoDNM _dLK-CoDNM _eLK-CoDNM |
||
| 041 | _asin | ||
| 080 | _a104 U22 | ||
| 245 | _aපියයුරු අලංකාරය | ||
| 246 | _aPiyayuru Alankaaraya | ||
| 260 |
_bGranthaprakaasha press _aColombo _c1892 |
||
| 300 |
_bDamaged _a10p., 18 cm |
||
| 942 | _cBK | ||
| 999 |
_c83572 _d83572 |
||